| 000 | 01070nac a22003257a 4500 | ||
|---|---|---|---|
| 001 | BR8304796 | ||
| 003 | BR-BrBNA | ||
| 005 | 20240105115833.0 | ||
| 008 | 230509b bl.|||m| |||| 00| 0 por d | ||
| 040 |
_aBR-BrBNA _bpor _cBiblioteca Nacional de Agricultura |
||
| 072 | _aL73 | ||
| 090 | _a5212 BR8304796 | ||
| 100 | 1 | _aOliveira, N. de C. | |
| 100 | 1 | _aOliveira, N.L.H. | |
| 100 | 1 | _aRocha, J.V.N. da | |
| 110 | 1 |
_aEmpresa de Pesquisa Agropecuaria da Bahia, Salvador (Brasil) _94095 |
|
| 245 | 1 | _aIdentificacao das causas de mortalidade em bezerros. 3. Diarreia em bezerros causada por helmintos e protozoarios [Bahia, Brasil] | |
| 260 | 3 |
_aSalvador, BA (Brasil): _c1983. |
|
| 300 | _a5 p. | ||
| 490 |
_aComunicado Tecnico - Empresa de Pesquisa Agropecuaria da Bahia (Brazil) _vno. 4 _xISSN 0100-4816 |
||
| 500 | _a5 ref. | ||
| 650 | _aBEZERRO | ||
| 650 | _aDIARREIA | ||
| 650 | _aHELMINTO | ||
| 650 | _aPROTOZOARIO | ||
| 650 | _aMORTALIDADE ANIMAL | ||
| 650 | _aBAHIA | ||
| 909 |
_a202312 _bLúcia Elande _c55 _dLúcia Elande |
||
| 942 |
_2AGRIS _n0 _cMS |
||
| 999 |
_c276635 _d276635 |
||